| 000 | 00992nam a22002777a 4500 | ||
|---|---|---|---|
| 001 | 5527 | ||
| 003 | FISKH | ||
| 005 | 20241216143117.0 | ||
| 008 | 241216b cb ||||| |||| 00| 0 eng d | ||
| 020 | _a9780545484206 | ||
| 040 |
_aFISKH _beng _cFISKH _dFISKH |
||
| 050 | _aTX355.T48 | ||
| 082 | _a641.3 | ||
| 100 | _aThornhill, Jan | ||
| 245 |
_aWho wants pizza? : _bthe kids' guide to the history, science & culture of food / _cby Jan Thornhill |
||
| 260 |
_aNew York : _bScholastic ; _c2010. |
||
| 300 |
_a62 pages : _bcolor illustrations ; _c27 cm . |
||
| 505 | _aZ | ||
| 520 | _aDiscusses the history of food, from early hunter-gatherers and domesticating animals for food to the science behind food preservation, produce cultivation, artificial flavor enhancers, and genetic modification. | ||
| 521 | 8 |
_a1110
_bLexile |
|
| 521 | 8 |
_aZ
_bRaz-Plus |
|
| 650 |
_aclassroom _vnon-fiction |
||
| 700 |
_aThornhill, Jan _eDesigner |
||
| 942 |
_2ddc _cBK _n0 |
||
| 999 |
_c5527 _d5527 |
||